banner-ar

OPERA FOR DUMMIES / (Record no. 4585)

MARC details
000 -الفاتح
حقل البيانات ثابتة الطول 00588nam a2200229Ia 4500
008 - عناصر البيانات ثابتة الطول - معلومات عامة
حقل البيانات ثابتة الطول 140319s9999 xx 000 0 eng d
020 ## - الرقم الدولى المعيارى للكتب
الرقم الدولى المعيارى للكتاب 0764550101
040 ## - مصدر الفهرسة
وكالة الفهرسة الأصلية GCL /
وكالة النسخ GCL
082 04 - رقم تصنيف ديوى العشرى
رقم التصنيف 782.1072
رقم المادة P O
100 1# - المدخل الرئيسى - إسم شخصى
الإسم الشخصى POGUE, DAVID
245 10 - بيان العنوان
العنوان OPERA FOR DUMMIES /
بيان المسئوليه,etc POGUE, DAVID
700 1# - المدخل الاضافى - اسم شخصى
الإسم الشخصى SPECK, SCOTT
700 1# - المدخل الاضافى - اسم شخصى
الإسم الشخصى PINES, ROGER
260 ## - PUBLICATION, DISTRIBUTION, ETC. (IMPRINT)
تاريخ النشر أو التوزيع 1997
300 ## - الوصف المادى
التعداد 24 CM ؛
أبعاد الوعاء XX1V, 356 P
650 04 - المدخل الاضافى بالموضوع-مصطلح موضوعى
مصطلح موضوعي OPERA
650 04 - المدخل الاضافى بالموضوع-مصطلح موضوعى
مصطلح موضوعي VOCAL MUSIC
650 04 - المدخل الاضافى بالموضوع-مصطلح موضوعى
مصطلح موضوعي TEACHING PIECES
650 04 - المدخل الاضافى بالموضوع-مصطلح موضوعى
مصطلح موضوعي OPERA - SINGERS
942 ## - عناصر المدخل الإضافي( كوها)
مصدر التصنيف او مخطط الترفيف Dewey Decimal Classification
Koha [default] item type كتاب
260 ## - PUBLICATION, DISTRIBUTION, ETC. (IMPRINT)
-- نيويورك :
-- IDG BOOKS WORLD WIDE ،
Holdings
حالة التراجع حالة الفقد حالة تلف ليس للاعارة المكان المؤقت الموقع الحالى تاريخ الاكتساب اجمالي اﻻعارات رقم الطلب الباركود تاريخ اخر مشاهدة تاريخ تفعيل السعر نوع وعاء كوها
        مكتبة القاهرة الكبرى مكتبة القاهرة الكبرى 03/26/2014   782.1072\P O 10398 03/26/2014 03/26/2014 كتاب
        مكتبة القاهرة الكبرى مكتبة القاهرة الكبرى 03/26/2014   782.1072\P O 10399 03/26/2014 03/26/2014 كتاب

Powered By

EGPV